<?xml version="1.0" encoding="UTF-8"?>
<record
    xmlns:xsi="http://www.w3.org/2001/XMLSchema-instance"
    xsi:schemaLocation="http://www.loc.gov/MARC21/slim http://www.loc.gov/standards/marcxml/schema/MARC21slim.xsd"
    xmlns="http://www.loc.gov/MARC21/slim">

  <leader>02360nam a22003137a 4500</leader>
  <datafield tag="999" ind1=" " ind2=" ">
    <subfield code="c">21815</subfield>
    <subfield code="d">21815</subfield>
  </datafield>
  <controlfield tag="003">AR-CdUCM</controlfield>
  <controlfield tag="008">190425b           ||||| |||| 00| 0 spa d</controlfield>
  <datafield tag="040" ind1=" " ind2=" ">
    <subfield code="a">MUNICIPALIDAD PROVINCIAL DEL CUSCO</subfield>
    <subfield code="c">BIBLIOTECA MUNICIPAL DEL CUSCO</subfield>
  </datafield>
  <datafield tag="082" ind1=" " ind2=" ">
    <subfield code="a">Rev.Allp/N&#xB0;17-18/1981</subfield>
  </datafield>
  <datafield tag="110" ind1=" " ind2=" ">
    <subfield code="a">Instituto de Pastoral Andina</subfield>
    <subfield code="9">12766</subfield>
  </datafield>
  <datafield tag="245" ind1=" " ind2=" ">
    <subfield code="a">Allpanchis Phuturinqa :</subfield>
    <subfield code="b">Revista Anual /</subfield>
  </datafield>
  <datafield tag="260" ind1=" " ind2=" ">
    <subfield code="a">Cusco :</subfield>
    <subfield code="b">Instituto de Pastoral Andina,</subfield>
    <subfield code="c">1981.</subfield>
  </datafield>
  <datafield tag="300" ind1=" " ind2=" ">
    <subfield code="a">282 p&#xE1;ginas. :</subfield>
    <subfield code="b">ilustraciones ;</subfield>
    <subfield code="c">20 cm.</subfield>
  </datafield>
  <datafield tag="440" ind1=" " ind2=" ">
    <subfield code="a">Revista del Instituto de Pastoral Andina Cusco</subfield>
    <subfield code="n">A&#xF1;o [ ], [ ] semestre de 1981, N&#xB0;17-18. Vol. XV.</subfield>
    <subfield code="9">46224</subfield>
  </datafield>
  <datafield tag="505" ind1=" " ind2=" ">
    <subfield code="a">Contenido: Resistencia y adaptaci&#xF3;n el gobierno colonial y las &#xE9;lites nativas. Karen Spalding. -- Arte y lucha social los murales de Amban&#xE1; Bolivia. Pablo Macera. -- Intelectuales y campesinos en el Sur andino. Jos&#xE9; De&#xFA;stua Carvallo. -- El quechua en el mundo andino de hoy. Manuel J. Baquerizo. -- Del sexo el incesto y los ancestros de inkarri mito utop&#xED;a e historia en las sociedades andinas. Henrique Osvaldo Urbano. -- Continuidad y resistencia de lo andino. Franklin Pease. -- Cultura y naturaleza andinas. Jorgen Golte. -- Jos&#xE9; Mar&#xED;a Arguedas como representante de la cultura quechua an&#xE1;lisis de a novela El zorro de arriba y el zorro de abajo. Marcin Mroz. -- El Per&#xFA; hirviente de estos d&#xED;as. Jos&#xE9; Mar&#xED;a Arguedas. -- 1780 movimientos anti fiscales en la sierra norte de la audiencia de Lima y repercusiones tupamaristas en la misma zona. Waldemar Espinoza Soriano. -- Problema nacional y luchas de clases en la Guerra del Pacifico. La resistencia de la Bre&#xF1;a en la sierra central 1881-1886. Florencia Mallon. -- Parentesco y matrimonio en los andes. Juan M. Ossio. -- La historia andina a trav&#xE9;s del arte. Manuel Burga. --  La revoluci&#xF3;n tupamarista y los pueblos andinos una cr&#xED;tica y un proyecto.</subfield>
  </datafield>
  <datafield tag="650" ind1=" " ind2=" ">
    <subfield code="a">Cultura andina</subfield>
    <subfield code="9">46225</subfield>
  </datafield>
  <datafield tag="650" ind1=" " ind2=" ">
    <subfield code="a">Jos&#xE9; Mar&#xED;a Arguedas</subfield>
    <subfield code="9">793</subfield>
  </datafield>
  <datafield tag="650" ind1=" " ind2=" ">
    <subfield code="a">Levantamientos andinos</subfield>
    <subfield code="9">44095</subfield>
  </datafield>
  <datafield tag="650" ind1=" " ind2=" ">
    <subfield code="a">Guerra del Pacifico </subfield>
    <subfield code="9">46226</subfield>
  </datafield>
  <datafield tag="700" ind1=" " ind2=" ">
    <subfield code="a">Flores Galindo, Alberto</subfield>
    <subfield code="9">2837</subfield>
  </datafield>
  <datafield tag="700" ind1=" " ind2=" ">
    <subfield code="a">Burga, Manuel</subfield>
    <subfield code="9">2836</subfield>
  </datafield>
  <datafield tag="700" ind1=" " ind2=" ">
    <subfield code="a">Spalding, Karen</subfield>
    <subfield code="9">38470</subfield>
  </datafield>
  <datafield tag="700" ind1=" " ind2=" ">
    <subfield code="a">Macera, Pablo</subfield>
    <subfield code="9">13610</subfield>
  </datafield>
  <datafield tag="700" ind1=" " ind2=" ">
    <subfield code="a">Urbano, Enrique</subfield>
    <subfield code="9">39364</subfield>
  </datafield>
  <datafield tag="700" ind1=" " ind2=" ">
    <subfield code="a">Espinoza Soriano, Waldemar</subfield>
    <subfield code="9">1898</subfield>
  </datafield>
  <datafield tag="942" ind1=" " ind2=" ">
    <subfield code="2">ddc</subfield>
    <subfield code="c">PP</subfield>
  </datafield>
  <datafield tag="945" ind1=" " ind2=" ">
    <subfield code="a">rac</subfield>
  </datafield>
  <datafield tag="952" ind1=" " ind2=" ">
    <subfield code="0">0</subfield>
    <subfield code="2">ddc</subfield>
    <subfield code="4">0</subfield>
    <subfield code="7">0</subfield>
    <subfield code="a">HEM</subfield>
    <subfield code="b">HEM</subfield>
    <subfield code="c">CART</subfield>
    <subfield code="d">2021-08-17</subfield>
    <subfield code="g">10.00</subfield>
    <subfield code="o">Rev.Allp/N&#xB0;17-18/1981</subfield>
    <subfield code="p">REVC000286</subfield>
    <subfield code="r">2021-08-17</subfield>
    <subfield code="y">PP</subfield>
  </datafield>
  <datafield tag="952" ind1=" " ind2=" ">
    <subfield code="0">0</subfield>
    <subfield code="2">ddc</subfield>
    <subfield code="4">0</subfield>
    <subfield code="7">0</subfield>
    <subfield code="a">HEM</subfield>
    <subfield code="b">HEM</subfield>
    <subfield code="c">CART</subfield>
    <subfield code="d">2021-08-17</subfield>
    <subfield code="g">10.00</subfield>
    <subfield code="o">Rev.Allp/N&#xB0;17-18/1981/e.2</subfield>
    <subfield code="p">REVC000287</subfield>
    <subfield code="r">2021-08-17</subfield>
    <subfield code="y">PP</subfield>
  </datafield>
</record>
